000 00312nam a22001457a 4500
008 230320b ||||| |||| 00| 0 eng d
020 _a9781609136857
041 _aeng
080 _a611
082 _a611CAE
100 _a10
101 _aANATOMY
245 _aFUNCTIONAL ANATOMY
_cCAEL.CH
942 _2udc
_cBK
999 _c59398
_d59398